Statistics for Formula 1 2022 Driver Standings

Click here to take the quiz!

General Stats

  • This quiz has been taken 75 times
  • The average score is 18 of 22

Answer Stats

PositionPointsDriver% Correct
2nd308Charles Leclerc
100%
1st454Max Verstappen
100%
3rd305Sergio Pérez
99%
5th246Carlos Sainz Jr.
97%
6th240Lewis Hamilton
97%
4th275George Russell
96%
9th81Fernando Alonso
91%
8th92Esteban Ocon
90%
7th122Lando Norris
90%
11th37Daniel Ricciardo
85%
10th49Valtteri Bottas
84%
20th2Nicholas Latifi
79%
12th37Sebastian Vettel
78%
19th4Alexander Albon
75%
13th25Kevin Magnussen
75%
18th6Zhou Guanyu
75%
14th23Pierre Gasly
72%
16th12Mick Schumacher
70%
21st2Nyck de Vries
70%
15th18Lance Stroll
69%
17th12Yuki Tsunoda
69%
22nd0Nico Hülkenberg
64%

Score Distribution

Percentile by Number Answered

Percent of People with Each Score

Your Score History

You have not taken this quiz